Berendelés

Ministerstvo vnútra povolalo okresného lekára Michaloviec Mareka (Márk) Widdera na univerzitu v Cluji (RO), kde sa zúčastní kurzu venovanému problematike trachomu (záškrt).

Podrobná bibliografia
Médium: Článok
Jazyk:Hungarian
Témy:
Zdroj: 1. Felvidéki Hirlap 1. Roč. 5, č. 36 (22.09.1912) s. 2
LEADER 00924nab#a2200301#ar4500
001 000074045
003 SVKKK
005 20040512xxxxxxx.
008 06 c xo huno
FMT
038 |a SVKKK 
040 |a SVKKK  |b slo  |e AACR2 
041 0 |a hun 
044 |a xo  |c SK 
080 |a 616-051 
242 1 0 |a Povolanie 
245 0 0 |a Berendelés 
500 |a mikrofilm 
520 2 |a Ministerstvo vnútra povolalo okresného lekára Michaloviec Mareka (Márk) Widdera na univerzitu v Cluji (RO), kde sa zúčastní kurzu venovanému problematike trachomu (záškrt). 
650 0 4 |a Widder, Marek (lekár) - Michalovce (pôsobenie) - univerzita, Cluj - povolanie na kurz (trachom) - september 1912 - správy 
773 0 |t Felvidéki Hirlap  |g Roč. 5, č. 36 (22.09.1912) s. 2 
957 |a Humenné 
958 |a DG 
958 |a SK 
974 |a Ba  |d 20040512 
992 |a RBX 
BAS
998 |a RETRO